Top 15 Fav Anime & Manga OAT - Statistics

General Stats
  • This quiz has been taken 265 times
  • The average score is 6 of 15
Answer Stats
Hint Answer % Correct
7 One Piece
92%
14 Naruto
90%
12 Bleach
71%
3 Attack on Titan
62%
10 Death Note
49%
5 Hunter x Hunter
45%
1 Tokyo Ghoul
34%
11 Vinland Saga
33%
4 Vagabond
27%
8 Monster
26%
6 Code Geass
21%
15 Re:Zero
13%
2 Steins;Gate
9%
9 Homunculus
2%
13 Aku no Hana
0%
No matching quizzes found
Score Distribution
Percent of People with Each Score
Percentile by Number Answered
Your Score History
You have not taken this quiz